000 00697nam a2200205Ii 4500
003 JO-AjNU
008 230605s9999||||xx |||||||||||||| ||und||
040 _aJO-AjNU
_bara
_erda
_cJO-AjNU
041 _aara
050 1 4 _aPJ6131.M532 1981
100 3 _aتأليف الميداني،أحمد بن محمد؛م.مشارك الزمخشري,
_eauthor
_934477
245 0 0 _aنزهة الطرف في علم الصرف
250 _aط1
264 3 1 _aبيروت: دار الافاق الجديدة، 1981
300 _a127ص
336 _atext
_btxt
_2rdacontent
337 _aunmediated
_bn
_2rdamedia
338 _avolume
_bnc
_2rdacarrier
650 4 _aاللغة العربية-الصرف
_934478
999 _aA14141
_c17709
_d17709